书目信息 |
| 题名: |
北京大学校史
|
|
| 作者: | 萧超然 编 | |
| 分册: | ||
| 出版信息: | 上海 上海教育出版社 1981 |
|
| 页数: | 328页 | |
| 开本: | 21cm | |
| 丛书名: | ||
| 单 册: | ||
| 中图分类: | G649.281 , G649.28 | |
| 科图分类: | ||
| 主题词: | 教育--各级 , 校史-北京大学--1898~1949 | |
| 电子资源: | ||
| ISBN: | ||
| 000 | 00735nam0 2200265 45 | |
| 001 | 0181008967 | |
| 005 | 20060818090325.15 | |
| 010 | @dCNY1.45 | |
| 091 | @a1750.2502 | |
| 100 | @a19950612d1981 emky0chiy0121 ea | |
| 101 | 0 | @achi |
| 102 | @aCN@b310000 | |
| 105 | @af z 000yd | |
| 200 | 10 | @a北京大学校史@Abei jing da xue xiao shi@e1898-1949@f萧超然编 |
| 210 | @a上海@c上海教育出版社@d1981 | |
| 215 | @a328页@c照片@d21cm | |
| 601 | 02 | @a北京大学@x校史@z1898~1949 |
| 606 | 0 | @a教育@x各级 |
| 606 | @a校史-北京大学@z1898~1949 | |
| 690 | @aG649.281@v3 | |
| 690 | @aG649.28 | |
| 701 | 0 | @a萧超然@Axiao chao ran@4编 |
| 801 | 2 | @aCN@bNLC@c20060818 |
| 801 | 0 | @aCN@b上海图书馆@c20040429 |
| 905 | @f2@b69185-186@dG649.28@e19 | |
| 北京大学校史:1898-1949/萧超然编.-上海:上海教育出版社,1981 |
| 328页:照片;21cm |
| ISBN :CNY1.45 |
| ● |
| 相关链接 |
|
|
|
|
正题名:北京大学校史
索取号:G649.28/19
 
预约/预借
| 序号 | 登录号 | 条形码 | 馆藏地/架位号 | 状态 | 备注 |
| 1 | 0069185 | 000290223 | 密集书库/ [索取号:G649.28/19] | 在馆 | |
| 2 | 0069186 | 000290214 | 密集书库/ [索取号:G649.28/19] | 在馆 | |
| 3 | 0465595 | 204655952 | 密集书库/ [索取号:G649.28/19] | 在馆 |